| Tag |
First Indicator |
Second Indicator |
Subfields |
| LEADER |
00000cas a2200000 4500 |
| 001 |
in00000040415 |
| 005 |
20151007072502.0 |
| 008 |
800605c19589999ii qr p 0uuua0eng |
| 010 |
|
|
|a sa 64001192
|
| 035 |
|
|
|a (OCoLC)06392603
|
| 035 |
|
|
|9 AAE7962AM
|
| 040 |
|
|
|a DLC
|c TXA
|d UtOrBLW
|
| 049 |
|
|
|a TXAE
|
| 050 |
|
0 |
|a TP375
|b .S53
|
| 245 |
0 |
0 |
|a Sharkara.
|
| 264 |
|
1 |
|a Kanpur.
|b [publisher not identified] ;
|
| 300 |
|
|
|a volumes :
|b diagrams, tables. ;
|c 25 cm.
|a quarterly.
|
| 336 |
|
|
|a text
|b txt
|2 rdacontent
|
| 337 |
|
|
|a unmediated
|b n
|2 rdamedia
|
| 338 |
|
|
|a volume
|b nc
|2 rdacarrier
|
| 362 |
1 |
|
|a Began publication with Jan. 1958 issue.
|z Cf. New serial titles, 1961.
|
| 550 |
|
|
|a Bulletin of the National Sugar Institute.
|
| 650 |
|
0 |
|a Sugar
|x Manufacture and refining
|x Periodicals.
|
| 710 |
1 |
|
|a Cawnpore.
|b National Sugar Institute.
|
| 999 |
|
|
|a MARS
|
| 999 |
f |
f |
|s d8cbdc76-041a-33ff-8f40-25907ff7ed7a
|i 66e35d50-e230-346b-ab8e-79d120d5b299
|t 0
|
| 952 |
f |
f |
|p ric
|a Texas A&M University
|b Rellis Campus
|c Joint Library Facility
|d Remote Storage
|t 0
|e TP375 .S53
|h Library of Congress classification
|i unmediated -- volume
|k v.12:no.1
|l 1970:Jan./Mar.
|m A14841148636
|
| 952 |
f |
f |
|p ric
|a Texas A&M University
|b Rellis Campus
|c Joint Library Facility
|d Remote Storage
|t 0
|e TP375 .S53
|h Library of Congress classification
|i unmediated -- volume
|k v.11:no.2
|l 1969:Apr./June
|m A14841148644
|
| 952 |
f |
f |
|p ric
|a Texas A&M University
|b Rellis Campus
|c Joint Library Facility
|d Remote Storage
|t 0
|e TP375 .S53
|h Library of Congress classification
|i unmediated -- volume
|k v.5
|l 1962
|m A14841148597
|
| 952 |
f |
f |
|p ric
|a Texas A&M University
|b Rellis Campus
|c Joint Library Facility
|d Remote Storage
|t 0
|e TP375 .S53
|h Library of Congress classification
|i unmediated -- volume
|k v.7:no.2-4
|l 1965
|m A14841148589
|
| 952 |
f |
f |
|p ric
|a Texas A&M University
|b Rellis Campus
|c Joint Library Facility
|d Remote Storage
|t 0
|e TP375 .S53
|h Library of Congress classification
|i unmediated -- volume
|k v.8
|l 1966
|m A14841148571
|
| 998 |
f |
f |
|a TP375 .S53
|s 12:no.1 (1970:Jan./Mar.)
|t 0
|l Remote Storage
|